| 000 | 00791cab a2200205 4500 | ||
|---|---|---|---|
| 001 | X91798 | ||
| 008 | 090401t1998 xxu||||| |||| 00| 0 eng d | ||
| 035 | _a(Sirsi) u86302 | ||
| 041 | _aeng | ||
| 245 | _aForfeiture | ||
| 260 | _c1998 | ||
| 350 | _a0 | ||
| 490 |
_aEstates Gazette Case Summaries _v[1998] EGCS 66 |
||
| 520 | _a"Maryland Estates Ltd v Bar-Joseph and another" CA 22 April 1998. Forfeiture of lease-whether `all rent in arrear` referring only to rent in arrear at date of service of summons-whether lease continuing to exist after service of summons. Held: The appeal was allowed. (Taken from headnote). | ||
| 650 | _aFORFEITURE OF LEASE | ||
| 650 | _aRENT ARREARS | ||
| 690 | _aLANDLORD AND TENANT-CASE LAW-RESIDENTIAL TENANCIES | ||
| 942 | _n0 | ||
| 948 | _c20/05/1998 | ||
| 999 |
_c54302 _d54302 |
||